| 000 | 00550nam a2200253Ia 4500 | ||
|---|---|---|---|
| 008 | 210210b1909 xxu||||| |||| 00| 0 eng d | ||
| 041 | _aeng | ||
| 082 | _a920/165 | ||
| 100 | _aTHURSTON (E) | ||
| 245 | _aCastes and tribes of southern India Vol VII T-Z | ||
| 260 |
_aMadras _bGovernment Press _c1909 |
||
| 440 | _a7 | ||
| 650 | _aVol | ||
| 650 | _aVII | ||
| 650 | _aT-Z | ||
| 650 | _atribes | ||
| 650 | _asouthern | ||
| 650 | _aof | ||
| 650 | _aIndia | ||
| 650 | _aCastes | ||
| 650 | _aand | ||
| 690 | _aHistory | ||
| 906 | _a024907 | ||
| 999 |
_c150538 _d150538 |
||